00485nam a2200181 a 4500001001300000003000900013005001700022008004100039020001000080082001500090100001300105245005900118260003900177300000900216500003500225650003000260700001300290nice12345678IN_TiNIC20260116014450.0070828s2000 jaia grp 000 0 eng  ac22500a275.4bJAI aJai, P C aChristianity, Ideology and Social Change Among Tribals aJaipur bRawat Publications c2000 a246p aincludes index and biblioraphy aChristianity-India-Tribes1 aJai, P C